| 000 | 01359nam a2200265Ia 4500 | ||
|---|---|---|---|
| 999 |
_c52918 _d52918 |
||
| 001 | 19948 | ||
| 003 | GE_BSU | ||
| 005 | 20200519224021.0 | ||
| 008 | 181216s1956||||ge |||||||||||||| ||geo|| | ||
| 040 | _cGE_BSU | ||
| 041 | _ageo | ||
| 080 | _a81'373(038)=161.1'38=353.1 გ 19 | ||
| 100 |
_aგამრეკელი, ნ. _97967 |
||
| 245 |
_aრუსულ - ქართული იდიომატიკა = Русско - грузинская идиоматика / _cნ. გამრეკელი, ე. მგალობლიშვილი ; რედ. დ. მგელაძე და ივ. ქავთარაძე. |
||
| 264 |
_aთბილისი : _bსამეცნ.- მეთოდ. კაბინეტის გამ-ბა, _c1956. |
||
| 300 |
_a336 გვ. ; _c22 სმ. |
||
| 541 | _h1ლ.88თ. | ||
| 653 | _aრუსულ-ქართული იდიომატიკა | ||
| 653 | _aქართული ენა | ||
| 700 |
_a მგალობლიშვილი, ე. _eავტორი _98099 |
||
| 700 |
_aმგელაძე, დ. _eრედაქტორი _97969 |
||
| 700 |
_aქავთარაძე, ივ. _eრედაქტორი _98100 |
||
| 710 |
_aსაქ. სსრ განათლების სამინისტრო _98101 |
||
| 942 |
_cBK _2udc |
||